Invisible influence : (Record no. 127113)

MARC details
000 -LEADER
campo de control de longitud fija 01356nam a22002537a 4500
003 - IDENTIFICADOR DE NÚMERO DE CONTROL
campo de control BJBSDDR
005 - FECHA Y HORA DE LA ÚLTIMA TRANSACCIÓN
campo de control 20260515162423.0
006 - CÓDIGOS DE INFORMACIÓN DE LONGITUD FIJA--CARACTERÍSTICAS DEL MATERIAL ADICIONAL
campo de control de longitud fija a|||||r|||| 00| 0
007 - CAMPO FIJO DE DESCRIPCIÓN FÍSICA--INFORMACIÓN GENERAL
campo de control de longitud fija ta
008 - DATOS DE LONGITUD FIJA--INFORMACIÓN GENERAL
campo de control de longitud fija 260515s2017 nyu|||||r|||| 00| 0 eng d
020 ## - NÚMERO INTERNACIONAL ESTÁNDAR DEL LIBRO
Número Internacional Estándar del Libro 9781476759739
040 ## - FUENTE DE CATALOGACIÓN
Lengua de catalogación spa
Centro/agencia transcriptor BJBSDDR
041 ## - CÓDIGO DE IDIOMA
Código de lengua del texto/banda sonora o título independiente eng
050 ## - SIGNATURA TOPOGRÁFICA DE LA BIBLIOTECA DEL CONGRESO
Número de ítem B496i 2017
100 1# - ENTRADA PRINCIPAL--NOMBRE DE PERSONA
Nombre de persona Berger, Jonah,
Fechas asociadas al nombre 1981-
9 (RLIN) 42853
245 10 - MENCIÓN DEL TÍTULO
Título Invisible influence :
Resto del título the hidden forces that shape behavior /
Mención de responsabilidad, etc. Jonah Berger.
250 ## - MENCION DE EDICION
Mención de edición First Simon & Schuster trade paperback edition
260 ## - PUBLICACIÓN, DISTRIBUCIÓN, ETC.
Lugar de publicación, distribución, etc. New York :
Nombre del editor, distribuidor, etc. Simon & Schuster,
Fecha de publicación, distribución, etc. 2017.
300 ## - DESCRIPCIÓN FÍSICA
Extensión vi, 264 páginas :
Otras características físicas ilustraciones ;
Dimensiones 22 cm
505 ## - NOTA DE CONTENIDO CON FORMATO
Nota de contenido con formato Contenidos : <br/>Introduction<br/>Monkey see, monkey do<br/>A horse of a different color<br/>Not if they're doing it<br/>Similar but different<br/>Come on Baby, light my fire<br/>Conclusion : putting social influence to work
520 ## - RESUMEN, ETC.
Sumario, etc. You think that your choices and behaviors are driven by your individual, personal tastes, and opinions. Our own personal thoughts and opinions is patently obvious. Right? Wrong. Other people's behavior has a huge influence on everything we do, from the mundane to the momentous. Berger integrates research and thinking from business, psychology, and social science to focus on the subtle, invisible influences behind our choices as individuals.
942 ## - ELEMENTOS DE ENTRADA SECUNDARIOS (KOHA)
Fuente del sistema de clasificación o colocación Clasificación de Library of Congress
Suprimir en OPAC No
Tipo de ítem Koha Libro
946 ## - PROCESAMIENTO DE INFORMACIÓN LOCAL (OCLC)
Iniciales del agente catalogador llh
Holdings
Estatus retirado Estado de pérdida Fuente del sistema de clasificación o colocación Estado de daño No para préstamo Colección Biblioteca de origen Biblioteca actual Ubicación en estantería Fecha de adquisición Signatura topográfica completa Código de barras Visto por última vez Copia número Tipo de ítem Koha
    Clasificación de Library of Congress     Automatización y Procesos Técnicos Biblioteca Juan Bosch Biblioteca Juan Bosch Automatización y Procesos Técnicos (1er. Piso) 15/05/2026 B496i 2017 00000200104 15/05/2026 1 Libro